Rowe spelling drills

Bibliographic Details
Main Author: Warner, Michael D. (Author)
Format: Book
Language:English
Published: United States : The H.M.Rowe Co. 1983
Subjects:

MARC

LEADER 00000cam a2200000 7i4500
001 0000003495
005 20240927.0
008 991203 -us eng
020 |a 0882941305 (pbk) 
040 |a INS   |b eng   |e rda 
090 0 0 |a PE1146   |b .W278 1983 
100 1 |a Warner, Michael D. ,   |e author 
245 1 0 |a Rowe spelling drills   |c Michael D.Warner 
264 1 |a United States :   |b The H.M.Rowe Co.   |c 1983 
300 |a 48 pages ;   |c 26 cm. 
336 |a text  |2 rdacontent 
337 |a unmediated  |2 rdamedia 
338 |a volume  |2 rdacarrier 
650 0 |a English language   |x Orthonography and spelling 
999 |a 0000005096   |b BOOK   |c Open Shelf   |e Default branch